The Walking Dead characters (TV show) - Statistics

General Stats
  • This quiz has been taken 517 times
    508 since last reset
  • The average score is 49 of 130
Answer Stats
Name % Correct
Rick
99%
Carl
97%
Daryl
94%
Lori
94%
Carol
92%
Maggie
91%
Shane
91%
Glenn
89%
Beth
87%
Hershel
87%
Andrea
85%
Michonne
85%
Negan
85%
Abraham
82%
Judith
82%
Merle
82%
Ed
81%
Rosita
80%
Dale
78%
Eugene
77%
Sasha
77%
Sophia
76%
T-Dog
76%
Amy
75%
Jim
75%
Tara
75%
The Governor
74%
Morgan
73%
Tyreese
71%
Aaron
65%
Otis
64%
Paul
64%
Enid
63%
Deanna
61%
Gabriel
61%
Spencer
61%
Bob
60%
Jimmy
59%
Jacqui
58%
Jessie
57%
Sam
57%
Ron
56%
Ezekiel
55%
Morales
53%
Noah
50%
Pete
50%
Axel
49%
Lizzie
49%
Gareth
47%
Greg
46%
Mika
46%
Milton
46%
Dr Denise
44%
Eric
44%
Lilly
44%
Martin
44%
Reg
43%
Edwin
42%
Karen
41%
Officer Dawn
41%
Oscar
40%
Meghan
38%
Randall
36%
David
35%
Olivia
35%
Tomas
35%
Nicholas
34%
Patrick
33%
Andrew
31%
Ben
31%
Big Tiny
31%
Mary
29%
Dave
27%
Tobin
27%
Joe
26%
Tony
26%
Heath
22%
Penny
22%
Sherry
18%
Shumpert
15%
Mike
14%
Aidan
13%
Dan
13%
Allen
12%
Caesar
12%
Eliza
12%
Mitch
12%
Ryan
12%
Tim
12%
Francine
11%
Louis
11%
Luke
11%
Scott
11%
Miranda
10%
Dr Steven
9%
Len
9%
Alisha
8%
Dr Caleb
8%
Anna
7%
Owen
7%
Annie
6%
Clara
6%
Erin
6%
Molly
6%
Terry
6%
Billy
5%
Bruce
5%
Crowley
5%
Edward
5%
Haley
5%
Andy
4%
Barbara
4%
Mikey
4%
Albert
3%
Amanda
3%
Harley
3%
Jeanette
3%
Kent
3%
Licari
3%
O'Donnell
3%
Percy
3%
Theresa
3%
Annette
2%
Sturgess
2%
Barnes
1%
Bud
1%
Dr Stevens
1%
Lieutenant Welles
1%
Primo
1%
Roman
1%
No matching quizzes found
Score Distribution
Percent of People with Each Score
Percentile by Number Answered
Your Score History
You have not taken this quiz since the last reset